| 000 | 00423nam a22001457a 4500 | ||
|---|---|---|---|
| 008 | 200319b ||||| |||| 00| 0 eng d | ||
| 020 | _a9788190595780 | ||
| 082 | _a668.55 SHC | ||
| 100 | _aSharma, P. P. | ||
| 245 | _aCosmetic: Formulation, Manufacturing, and Quality Control | ||
| 250 | _a5th Edition, 2014 | ||
| 260 |
_aNew Delhi _bVallabh Prakashan |
||
| 650 | _aPharmaceutical Dosage form /Cosmetic | ||
| 942 |
_2ddc _cBK |
||
| 999 |
_c8581 _d8581 |
||